| 000 | 00000nam 2200000zi 4500 |
| 001 | 9.931973 |
| 003 | CaOODSP |
| 005 | 20250124143209 |
| 006 | m o d f |
| 007 | cr cn||||||||| |
| 008 | 240103t20242024onca o f000 0 eng d |
| 020 | |a9780660694542 |
| 040 | |aCaOODSP|beng|erda|cCaOODSP |
| 043 | |an-cn--- |
| 086 | 1 |aT52-4/4-2024E-PDF |
| 245 | 00|aAviation Occupational Health and Safety on board aircraft. |
| 250 | |a[2024 edition]. |
| 264 | 1|a[Ottawa] : |bTransport Canada = Transports Canada, |c2024. |
| 264 | 4|c©2024 |
| 300 | |a1 online resource (1 unnumbered page) : |billustrations |
| 336 | |atext|btxt|2rdacontent |
| 337 | |acomputer|bc|2rdamedia |
| 338 | |aonline resource|bcr|2rdacarrier |
| 500 | |a"(12/2024)" |
| 500 | |aCaption title. |
| 500 | |aIssued also in French under title: Santé et sécurité au travail à bord des aéronefs. |
| 520 | |a"The goal of the Aviation Occupational Health and Safety (AOHS) Program is to ensure compliance with Parts II and IV of the Canada Labour Code (the Code) and its pursuant regulations. This deals with the work place health and safety of employees working on board aircraft in operation"--Page [1]. |
| 650 | 0|aAircraft industry|zCanada|xEmployees|xLegal status, laws, etc. |
| 650 | 0|aAircraft industry|xHealth aspects|zCanada. |
| 650 | 0|aAircraft industry|zCanada|xSafety measures. |
| 710 | 1 |aCanada. |bTransport Canada, |eissuing body. |
| 775 | 08|tSanté et sécurité au travail à bord des aéronefs.|w(CaOODSP)9.931975 |
| 795 | |tAviation Occupational Health and Safety on board aircraft |b[2004 edition]|w(CaOODSP)9.674497 |
| 856 | 40|qPDF|s562 KB|uhttps://publications.gc.ca/collections/collection_2025/tc/T52-4-4-2024-eng.pdf |
| 856 | 4 |qHTML|sN/A|uhttps://tc.canada.ca/en/aviation/publications/occupational-health-safety-board-aircraft-tp-14215 |
| 986 | |a14215 |